Southville International School and Colleges
Your cart is empty.
  • Cart
  • Lists
    Public lists Eva Luna New books Lux_list list_1
    Your lists Log in to create your own lists
  • Log in to your account
  • Your cookies
  • Search history
Southville International School and Colleges
  • Advanced search
  • Recent comments
  • Most popular
  • Libraries

Log in to your account

Log in with GOOGLE


If you do not have an external account, but do have a local account, you can still log in:

  1. Home
  2. MARC view: Diana vs. Charles :
Normal view MARC view ISBD view

Diana vs. Charles : (Record no. 344597)

[ view plain ]
MARC details
000 -LEADER
fixed length control field 00811nam a2200301Ia 4500
008 - FIXED-LENGTH DATA ELEMENTS--GENERAL INFORMATION
fixed length control field 171025s9999 xx 000 0 und d
020 ## - INTERNATIONAL STANDARD BOOK NUMBER
International Standard Book Number 451180615
050 ## - LIBRARY OF CONGRESS CALL NUMBER
Classification number 920
050 ## - LIBRARY OF CONGRESS CALL NUMBER
Item number W577 1993
100 ## - MAIN ENTRY--PERSONAL NAME
Personal name Whitaker, James
245 ## - TITLE STATEMENT
Title Diana vs. Charles :
245 ## - TITLE STATEMENT
Remainder of title royal blood feud /
245 ## - TITLE STATEMENT
Statement of responsibility, etc by James Whitaker/
260 ## - PUBLICATION, DISTRIBUTION, ETC. (IMPRINT)
Place of publication, distribution, etc USA :
260 ## - PUBLICATION, DISTRIBUTION, ETC. (IMPRINT)
Name of publisher, distributor, etc Signet,
260 ## - PUBLICATION, DISTRIBUTION, ETC. (IMPRINT)
Date of publication, distribution, etc 1993
300 ## - PHYSICAL DESCRIPTION
Extent xviii, 334 pages :
300 ## - PHYSICAL DESCRIPTION
Other physical details illustrations ;
300 ## - PHYSICAL DESCRIPTION
Dimensions 17cm.
500 ## - GENERAL NOTE
General note Includes index.
650 ## - SUBJECT ADDED ENTRY--TOPICAL TERM
Topical term or geographic name as entry element Charles, --Prince of Wales, --
650 ## - SUBJECT ADDED ENTRY--TOPICAL TERM
Topical term or geographic name as entry element Diana, -- Princess of Wales, --
650 ## - SUBJECT ADDED ENTRY--TOPICAL TERM
Topical term or geographic name as entry element Marriages of royalty and nobility -- Great Britain --
650 ## - SUBJECT ADDED ENTRY--TOPICAL TERM
General subdivision 1948- -- Marriage.
650 ## - SUBJECT ADDED ENTRY--TOPICAL TERM
General subdivision 1961-1997 -- Marriage.
650 ## - SUBJECT ADDED ENTRY--TOPICAL TERM
General subdivision History -- 20th century.
700 ## - ADDED ENTRY--PERSONAL NAME
Personal name Title.
Holdings
Withdrawn status Lost status Damaged status Home library Current library Date acquired Total Checkouts Full call number Barcode Date last seen Price effective from Koha item type
      Stonyhurst Southville International School (Malarayat) Stonyhurst Southville International School (Malarayat) 10/25/2017   NF 920 W577 1993 SSISM3650 10/25/2017 10/25/2017 Books

Diana vs. Charles :

APA

Whitaker J., Title, .Diana vs. Charles. USA: .

Chicago

Whitaker James, Title, .Diana vs. Charles. USA: .

Harvard

Whitaker J., Title, .Diana vs. Charles. USA: .

MLA

Whitaker James, Title, .USA: . .

  • Place hold
  • Print
  • Cite
  • Add to your cart (remove)
  • Save record
    BIBTEX Dublin Core MARCXML MARC (non-Unicode/MARC-8) MARC (Unicode/UTF-8) MARC (Unicode/UTF-8, Standard) MODS (XML) RIS
  • More searches
    Search for this title in:
    Other Libraries (WorldCat) Other Databases (Google Scholar) Online Stores (Bookfinder.com) Open Library (openlibrary.org)

Exporting to Dublin Core...

SOUTHVILLE LIBRARY

Southville International School and Colleges Library

1281 Tropical Ave. Cor. Luxembourg St., BF Homes International, Las Pinas City

Tel. No. 8256374 / 252358 Loc. 117/146

Powered by Koha